000 01724cad a22002415a 4500
001 L147758
008 090615s2009 xxkado f 000 0 eng d
035 _a(Sirsi) u147758
041 0 _aeng
050 0 4 _a333.33 $2 18
110 2 _aTenant Services Authority
_95662
245 0 0 _aNational Conversation phase one findings
_h[electronic resource]
260 _aLondon
_bTSA
_c2009
505 2 _aIntroduction -- Summary of findings -- Commentary from the TSA -- Main findings from the National Conversation with tenants -- Shared owners -- Prospective tenants -- Qualitative feedback and observer's feedback -- Main findings from the National Conversation with landlords
520 _aReports the results of first phase of the Tenants Services Authority's National Conversation, a programme engagement between landlords and tenants. Phase one consists of a consultation held on the first quarter 2009 with the aim of collecting information from existing and prospective tenants and providers in England. Presents findings of landlords and tenants as well as conclusions for regeneration of social housing landlords. Accompanied by an executive summary and the document entitled "Building a new regulatory framework" (see L147759) and its executive summary as well as the "National Conversation Leaflet June 2009 " (see L147762), all available to download from the website.
521 _aAdvanced
590 _aKA NTK
650 2 4 _aHOUSING AND REGENERATION ACT 2008
651 4 _aEngland and Wales
_y1543-
690 _aPROPERTY-RESIDENTIAL PROPERTY
856 4 0 _uhttps://www.tenantservicesauthority.org/server/show/ConWebDoc.18499
_zView the item free of charge at www.tenantservicesauthority.org...
942 _n0
999 _c109714
_d109714